| 000 | 00782nam a22002057a 4500 | ||
|---|---|---|---|
| 003 | BD-DhUL | ||
| 005 | 20170516173539.0 | ||
| 008 | 170516s2004 ii ||||| |||| 00| 0 ben c | ||
| 020 | _a8181750330 | ||
| 040 |
_aBD-DhUL _cBD-DhUL |
||
| 082 |
_a932 _bBAP |
||
| 100 | 1 | _aবন্দ্যোপাধ্যায়, শ্যামলচন্দ্র | |
| 245 | 1 | 0 |
_aপ্রাচীন মিশর / _cশ্যামলচন্দ্র বন্দ্যোপাধ্যায় |
| 250 | _a২য় সং. | ||
| 260 |
_aকলকাতা : _bপ্যাপিরাস, _c২০০৪ |
||
| 300 |
_a৫১৯ পৃ. : _bচিত্র ; _c২২ সেমি |
||
| 650 | 4 | _aমিশর - ইতিহাস | |
| 650 | 4 | _aBangla Literature | |
| 942 |
_2ddc _cBK |
||
| 999 |
_c197929 _d197929 |
||